|
|
|
|
| LEADER |
00000nam a22000007a 4500 |
| 005 |
20220513213343.0 |
| 007 |
cr|||| |||| |
| 008 |
220513s2021 br |||||s|||| 00||0 por d |
| 020 |
|
|
|a 978-65-5883-077-1
|
| 035 |
|
|
|a 36394
|
| 040 |
|
|
|a vLex
|
| 090 |
|
|
|c 13331
|d 13331
|
| 100 |
1 |
|
|a Messias da Silva, Leda Maria
|
| 245 |
1 |
0 |
|a Intelign̊cia artificial e a dignidade do trabalhador no meio ambiente de trabalho
|h [Recurso electrn̤ico] :
|b um difc̕il convv̕io? /
|c Leda Maria Messias da Silva, Ana Paula Baptista Marques, Maria Aparecida Alkimim
|
| 256 |
|
|
|a Servicio en ln̕ea
|
| 260 |
|
|
|a San Pablo:
|b LTR,
|c 2021
|
| 300 |
|
|
|a 1 recurso electrn̤ico
|
| 500 |
|
|
|a Esta obra convida o leitor a refletir sobre como a intelign̊cia artificial e a robt̤ica estô substituindo, progressivamente, diversos postos de trabalho humanos. Assim, pretende analisar a abrangn̊cia e o impacto causado por tais mudanȧs no meio ambiente de trabalho. A partir dessa exploraȯ̂ surgem perguntas que nô querem calar: todos os postos de trabalho serô preenchidos por mq̀uinas? Existem alternativas viv̀eis para defender os direitos da personalidade do trabalhador, promovendo a democracia nos conflitos e resolvendo as necessidades sociais? É possv̕el o convv̕io adequado entre o homem e a mq̀uina? Voc ̊est ̀convidado a se plugar nestas queste̳s. As autoras, preocupadas com a velocidade com que as novas tecnologias e a intelign̊cia artificial avanȧm sobre os postos de trabalho, decidiram buscar alternativas por meio de suas pesquisas para o convv̕io digno entre o homem e a mq̀uina. No passado, permeava a ilusô de que o avanȯ tecnolg̤ico seria libertador e que o homem teria mais tempo para se dedicar ̉faml̕ia e ao lazer. Isso nô se mostrou verdadeiro, muito pelo contrr̀io, foram criados os algoritmos, como um novo capataz da idade moderna, a fim de impulsionar e fiscalizar o trabalho humano. Foi preciso indagar quais as alternativas para o trabalhador. Assim, este livro sugere algumas para que a substituiȯ̂ da mô de obra viva pelas mq̀uinas nô se torne uma ameaȧ cada vez mais potente, mas, sim, um meio efetivo de estm̕ulo aos trabalhadores para o contn̕uo aperfeiȯamento e, principalmente, que produzam, de fato, qualidade de vida no meio ambiente de trabalho, que poder ̀ser proporcionada pela substituiȯ̂ da mô de obra mais repetitiva e menos criativa. Entô, quem sabe, um dia, as tarefas mecńicas/manuais sejam integralmente substitud̕as por aquelas de natureza cientf̕ica, sendo, igualmente, possv̕el pensar um futuro no qual homem e mq̀uina atuem colaborativamente e com equilb̕rio, restando absolutamente assegurada a dignidade do primeiro. Em suma, ̌necessr̀io questionar e buscar harmonia neste convv̕io. É disso que as autoras tratam.
|
| 506 |
1 |
|
|a Disponible solo en los productos indicados
|d vLex Global
|d vLex Global (Academic Edition, excluding Law Schools)
|d vLex Global (U.S. Academic Edition, Law Schools)
|d vLex Global (U.S. Academic Edition, excluding Law Schools)
|d vLex Global (Academic Edition, Law Schools)
|
| 650 |
0 |
4 |
|a Derecho Laboral y Seguridad Social
|z Brasil
|
| 700 |
1 |
|
|a Baptista Marques, Ana Paula
|
| 700 |
1 |
|
|a Alkimim, Maria Aparecida
|
| 740 |
0 |
|
|a vLex Libros (Servicio en ln̕ea)
|
| 856 |
4 |
0 |
|u https://app.vlex.com/#/sources/36394
|z Acceso restringido
|
| 942 |
|
|
|c BOOK
|
| 999 |
0 |
|
|a Labor law and social security
|